000 00360nam a2200145Ia 4500
008 230917s9999||||xx |||||||||||||| ||und||
040 _e248043
_aMAIN
041 _aEnglish
082 _a320.80954 M727P
100 _aMohit
245 0 _aPanchayati raj aur matdan vyavhar: Adhyayan kshetra gaon Ajayab
260 _c2014
300 _a102 p.
942 _cTH
999 _c127635
_d127635